• 首页
  • 本馆介绍
  • 公告通知
  • 最新文献
  • 馆藏检索
  • 电子资源
  • 读者导购
  • 参考咨询
  • 我的图书馆
  • 登录
  • 详细信息显示
  • 放入我的书架
  • 预约/预借图书
  • 作者相关作品
  • 分类相关作品
  • 丛书相关作品
  • 出版社相关作品

书目信息

  • 表格格式
  • 工作单格式
  • 卡片格式
题名:
带给全家幸福的滋补汤煲
    
 
作者: 甘智荣
分册:  
出版信息: 乌鲁木齐   新疆科技卫生出版社  2015.08
页数: 208页
开本: 20cm
丛书名:
单 册:
中图分类: TS972.122
科图分类:
主题词: 饮食业--供应技术
电子资源:
ISBN: 7-5372-6336-1
000 00630nam0 2200205 450
001 2363
005 20161205104444.76
010    @a7-5372-6336-1@dCNY29.80
100    @a20150808d2015 km y0chiy0120 ea
101 0  @achi
102    @aCN@b650000
200 1  @a带给全家幸福的滋补汤煲@Adai gei quan jia xing fu de zi bu tang bao@f甘智荣@Fgan zhi rong
210    @a乌鲁木齐@c新疆科技卫生出版社@d2015.08
215    @a208页@d20cm
330    @a保健·汤菜·菜谱
606 0  @a饮食业@x供应技术
690    @aTS972.122@v4
701  0 @a甘智荣@Agan zhi rong
801  0 @aCN@b大连网信软件有限公司图书馆·11@c20161205
905    @aZUCC@dTS972.122@e427
    
    带给全家幸福的滋补汤煲/甘智荣.-乌鲁木齐:新疆科技卫生出版社,2015.08
    208页;20cm
    
    
    ISBN 7-5372-6336-1:CNY29.80
    保健·汤菜·菜谱
●
相关链接 在E读中查询图书 在五车中查询图书 在当当中查询图书 在豆瓣中查询图书


正题名:带给全家幸福的滋补汤煲     索取号:TS972.122/427         预约/预借

序号 登录号 条形码 馆藏地/架位号 状态 备注
1 910606   209106064   第二样本阅览室/ [索取号:TS972.122/427] 在馆    
2 910607   209106073   第三借阅区/ [索取号:TS972.122/427] 在馆    
3 910608   209106082   第三借阅区/ [索取号:TS972.122/427] 在馆    
4 910609   209106091   第三借阅区/ [索取号:TS972.122/427] 在馆    
5 910610   209106108   第三借阅区/ [索取号:TS972.122/427] 在馆    
唐山师范学院图书馆 欢迎您!
大连网信软件有限公司© 版权所有